I like killing flies (Record no. 145694)
[ view plain ]
| 000 -LEADER | |
|---|---|
| fixed length control field | 01788cgm a2200409 a 4500 |
| 001 - CONTROL NUMBER | |
| control field | vtls003255468 |
| 003 - CONTROL NUMBER IDENTIFIER | |
| control field | MY-SjTCS |
| 005 - DATE AND TIME OF LATEST TRANSACTION | |
| control field | 20200226115243.0 |
| 007 - PHYSICAL DESCRIPTION FIXED FIELD--GENERAL INFORMATION | |
| fixed length control field | vd cvairu |
| 008 - FIXED-LENGTH DATA ELEMENTS--GENERAL INFORMATION | |
| fixed length control field | 140211s2007 nyu079 |00 vueng d |
| 039 #9 - LEVEL OF BIBLIOGRAPHIC CONTROL AND CODING DETAIL [OBSOLETE] | |
| Level of rules in bibliographic description | 201403241504 |
| Level of effort used to assign nonsubject heading access points | shuhada |
| -- | 201402111457 |
| -- | malathy |
| 082 00 - DEWEY DECIMAL CLASSIFICATION NUMBER | |
| Classification number | 647.957471 |
| Item number | ILI 2007 |
| 245 00 - TITLE STATEMENT | |
| Title | I like killing flies |
| Medium | [videorecording] / |
| Statement of responsibility, etc. | Red Envelope Entertainment ; Thinkfilm ; a film by Matt Mahurin ; Mortal Films ; directed, photographed, edited by Matt Mahurin. |
| 260 ## - PUBLICATION, DISTRIBUTION, ETC. | |
| Place of publication, distribution, etc. | [New York] : |
| Name of publisher, distributor, etc. | Docurama Films : |
| -- | Distributed by New Video Group, |
| Date of publication, distribution, etc. | [2007] |
| 300 ## - PHYSICAL DESCRIPTION | |
| Extent | 1 videodisc (79 min.) : |
| Other physical details | sd., col. ; |
| Dimensions | 4 3/4 in. |
| 508 ## - CREATION/PRODUCTION CREDITS NOTE | |
| Creation/production credits note | Music, Chris Toland. |
| 511 0# - PARTICIPANT OR PERFORMER NOTE | |
| Participant or performer note | Restaurateurs: Kenny Shopsin, Eve Shopsin. |
| 520 ## - SUMMARY, ETC. | |
| Summary, etc. | With more than 900 items on its menu, all made from scratch in a tiny kitchen humming with improvised Rube Goldberg-like contraptions, Shopsin's has long been a quirky gem of New York food culture. Follows Kenny Shopsin, his family and customers as the restaurant looks for a new place to go. |
| 538 ## - SYSTEM DETAILS NOTE | |
| System details note | DVD, full screen presentation; Dolby Digital stereo., NTSC. |
| 600 10 - SUBJECT ADDED ENTRY--PERSONAL NAME | |
| Personal name | Shopsin, Kenny. |
| 610 20 - SUBJECT ADDED ENTRY--CORPORATE NAME | |
| Corporate name or jurisdiction name as entry element | Shopsin's (Restaurant) |
| 650 #0 - SUBJECT ADDED ENTRY--TOPICAL TERM | |
| Topical term or geographic name entry element | Restaurants |
| Geographic subdivision | New York (State) |
| -- | New York. |
| 650 #0 - SUBJECT ADDED ENTRY--TOPICAL TERM | |
| Topical term or geographic name entry element | Cooks |
| Geographic subdivision | New York (State) |
| -- | New York |
| Form subdivision | Biography. |
| 700 1# - ADDED ENTRY--PERSONAL NAME | |
| Personal name | Mahurin, Matt. |
| 700 1# - ADDED ENTRY--PERSONAL NAME | |
| Personal name | Shopsin, Kenny. |
| 700 1# - ADDED ENTRY--PERSONAL NAME | |
| Personal name | Shopsin, Eve. |
| 710 1# - ADDED ENTRY--CORPORATE NAME | |
| Corporate name or jurisdiction name as entry element | Thinkfilm (Firm) |
| 710 1# - ADDED ENTRY--CORPORATE NAME | |
| Corporate name or jurisdiction name as entry element | Mortal Films (Firm) |
| 710 2# - ADDED ENTRY--CORPORATE NAME | |
| Corporate name or jurisdiction name as entry element | Red Envelope Entertainment (Firm) |
| 710 2# - ADDED ENTRY--CORPORATE NAME | |
| Corporate name or jurisdiction name as entry element | Docurama New Video Group |
| 710 2# - ADDED ENTRY--CORPORATE NAME | |
| Corporate name or jurisdiction name as entry element | Red Envelope Entertainment (Firm) |
| 710 2# - ADDED ENTRY--CORPORATE NAME | |
| Corporate name or jurisdiction name as entry element | Thinkfilm (Firm) |
| 710 2# - ADDED ENTRY--CORPORATE NAME | |
| Corporate name or jurisdiction name as entry element | Mortal Films (Firm) |
| 710 2# - ADDED ENTRY--CORPORATE NAME | |
| Corporate name or jurisdiction name as entry element | Docurama (Firm) |
| 710 2# - ADDED ENTRY--CORPORATE NAME | |
| Corporate name or jurisdiction name as entry element | New Video Group |
| 9 (RLIN) | 26382 |
| 920 ## - Programme | |
| Programme | SHT : 210283 |
| Withdrawn status | Lost status | Source of classification or shelving scheme | Damaged status | Not for loan | Home library | Current library | Date acquired | Total Checkouts | Barcode | Date last checked out | Copy number | Koha item type | Public note |
|---|---|---|---|---|---|---|---|---|---|---|---|---|---|
| Not Returned | Dewey Decimal Classification | Taylor's Library-TU | Taylor's Library-TU | 21/03/2014 | 1 | 1000529688 | 16/03/2016 | 1 | Teaching Resource | SCAFS,30042,03,AD |